Biological inorganic chemistry : (Record no. 7164)

MARC details
000 -LEADER
fixed length control field 02089cam a22003374a 4500
001 - CONTROL NUMBER
control field 16217212
003 - CONTROL NUMBER IDENTIFIER
control field OSt
005 - DATE AND TIME OF LATEST TRANSACTION
control field 20210908105932.0
008 - FIXED-LENGTH DATA ELEMENTS--GENERAL INFORMATION
fixed length control field 100504s2008 ne a b 001 0 eng c
010 ## - LIBRARY OF CONGRESS CONTROL NUMBER
LC control number 2010279124
015 ## - NATIONAL BIBLIOGRAPHY NUMBER
National bibliography number GBA768623
Source bnb
016 7# - NATIONAL BIBLIOGRAPHIC AGENCY CONTROL NUMBER
Record control number 013828849
Source Uk
020 ## - INTERNATIONAL STANDARD BOOK NUMBER
International Standard Book Number 9780444527400 (pbk.)
020 ## - INTERNATIONAL STANDARD BOOK NUMBER
International Standard Book Number 0444527400 (pbk.)
035 ## - SYSTEM CONTROL NUMBER
System control number (OCoLC)ocn166625782
040 ## - CATALOGING SOURCE
Original cataloging agency UKM
Transcribing agency DDC
Modifying agency BAKER
-- YDXCP
-- BTCTA
-- IQU
-- VET
-- ZWZ
-- DLC
042 ## - AUTHENTICATION CODE
Authentication code pcc
050 00 - LIBRARY OF CONGRESS CALL NUMBER
Classification number QP531
Item number .C75 2008
082 00 - DEWEY DECIMAL CLASSIFICATION NUMBER
Classification number 546CRI2008
100 1# - MAIN ENTRY--PERSONAL NAME
Personal name Crichton, Robert R.
9 (RLIN) 14746
245 10 - TITLE STATEMENT
Title Biological inorganic chemistry :
Remainder of title an introduction
Statement of responsibility, etc. Edited by Crichton,Robert R. with the collaboration of Lallemand,Fré́́deric; Psalti,Ioanna S.M. and Ward,Roberta J.
250 ## - EDITION STATEMENT
Edition statement 1st ed.
260 ## - PUBLICATION, DISTRIBUTION, ETC. (IMPRINT)
Place of publication, distribution, etc. Amsterdam ;
-- Boston :
Name of publisher, distributor, etc. Elsevier,
Date of publication, distribution, etc. 2008.
300 ## - PHYSICAL DESCRIPTION
Extent xii,369p
Other physical details ill. (some col.) ;
Dimensions 24 cm.
504 ## - BIBLIOGRAPHY, ETC. NOTE
Bibliography, etc Includes; bibliographical references and index.
505 0# - FORMATTED CONTENTS NOTE
Formatted contents note An overview of metals in biology -- Basic coordination chemistry for biologists -- Biological ligands for metal ions -- Structural and molecular biology for chemists -- An overview of intermediary metabolism and bioenergetics -- Methods to study metals in biological systems -- Metal assimilation pathways -- Transport, storage and homeostatis of metal ions -- Sodium and potassium : channels and pumps -- Magnesium-phosphate metabolism and photoreceptors -- Calcium : cellular signalling -- Zinc : Lewis acid and gene regulator -- Iron : essential for almost all life -- Copper : coping with dioxygen -- Nickel and cobalt : evolutionary relics -- Manganese : water splitting, oxygen atom donor -- Molybdenum, tungsten, vanadium and chromium -- Metals in brain and their role in various neurodegenerative diseases -- Biomineralization -- Metals in medicine and the environment.
650 #0 - SUBJECT ADDED ENTRY--TOPICAL TERM
Topical term or geographic name as entry element Chemistry
9 (RLIN) 797
906 ## - LOCAL DATA ELEMENT F, LDF (RLIN)
a 7
b cbc
c pccadap
d 2
e ncip
f 20
g y-gencatlg
942 ## - ADDED ENTRY ELEMENTS (KOHA)
Source of classification or shelving scheme Dewey Decimal Classification
Koha item type Open Shelf
Holdings
Withdrawn status Lost status Source of classification or shelving scheme Damaged status Not for loan Home library Current library Date acquired Source of acquisition Inventory number Total Checkouts Full call number Barcode Date last seen Price effective from Koha item type
    Dewey Decimal Classification     MUST Main Library MUST Main Library 08/09/2021 donation 10/32206   546CRI2008 2021-0941 08/09/2021 08/09/2021 Open Shelf